000 00444cam a22001934a 4500
005 20250605164313.0
008 250528s ||||||||||||||||||||||||d
035 _a22580
020 _a9789605123055
040 _aGR-AtMCL
_bgre
_dGR-AtMCL
_eAACR2
245 1 _aAUTOCAD 2002
250 _a1
260 _bΓκιουρδας,
_c2001
300 _a1309
700 1 _aOmura George
_98355
942 _cBK
999 _c7628
_d7628